Cities of France by peak population Quiz Stats

 Plays Quiz not verified by Sporcle

Also try: Ethiopia's Borders
Challenge
Share
Tweet
Embed
Score 0/44 Timer 10:00
0 Plays Today
Population City % Correct
2,906,472Paris
100%
579,763Lyon
95.9%
914,232Marseille
95%
347,060Nice
91.5%
267,409Bordeaux
89.1%
471,941Toulouse
87.4%
277,270Strasbourg
83.5%
233,897Lille
83.2%
303,382Nantes
81.5%
277,639Montpellier
73.5%
215,366Rennes
72.9%
166,037Grenoble
69.7%
166,826Brest
68.8%
155,114Dijon
67.6%
128,677Nancy
67.4%
187,206Reims
66.2%
114,977Orléans
65.6%
181,801Toulon
64.4%
223,223Saint-Étienne
63.2%
217,882Le Havre
63.2%
124,435Metz
63.2%
124,987Rouen
60%
Population City % Correct
140,686Tours
56.8%
119,640Caen
55%
151,075Nîmes
54.7%
136,105Amiens
54.1%
156,763Clermont-Ferrand
53.2%
121,934Perpignan
51.8%
152,337Angers
51.2%
152,285Le Mans
48.8%
142,668Aix-en-Provence
48.2%
143,725Limoges
46.5%
146,985Saint-Denis (La Réunion)
44.1%
111,103Saint-Denis (Île-de-France)
44.1%
117,013Mulhouse
39.4%
120,315Besançon
36.5%
148,665Villeurbanne
31.5%
124,661Roubaix
31.5%
102,239Tourcoing
22.1%
106,691Montreuil
20.3%
117,931Boulogne-Billancourt
19.7%
110,388Argenteuil
17.1%
100,080Fort-de-France (Martinique)
16.5%
105,967Saint-Paul (La Réunion)
11.2%

You're not logged in!

Compare scores with friends on all Sporcle quizzes.
OR
Log In

You Might Also Like...

Show Comments

Extras

Top Quizzes Today


Score Distribution

Your Account Isn't Verified!

In order to create a playlist on Sporcle, you need to verify the email address you used during registration. Go to your Sporcle Settings to finish the process.

Report this User

Report this user for behavior that violates our Community Guidelines.

Details: